Annals of tropical medicine and parasitology.

"Liverpool School of Tropical Medicine. Scientific record; compiled by Dorothy Allmand" (a history of the school and of its activities): v. 15, 1921, p. [1]-47.

Saved in:
Bibliografiske detaljer
Forrige titel:Liverpool School of Tropical Medicine. Memoir
Institution som forfatter: Liverpool School of Tropical Medicine
Format: Tidsskrift
Sprog:English
Udgivet: London, Orlando [etc.] : Academic Press [etc.].
Fag:
LEADER 03608cas a2200745 a 4500
001 c000186018
003 CARM
005 20050920114125.0
008 770311c19079999enkbr1p 0 a0eng d
010 |a 08000160 
019 1 |a 921959 
022 |a 0003-4983  |y 1364-8594 
030 |a ATMPA2 
032 |a 016496  |b USPS 
040 |a LC  |b eng  |c LC  |d LC 
042 |a nsdp  |a lc 
050 1 0 |a RC960  |b .L76 
060 0 0 |a W1 AN627P 
070 0 |a 448.9  |b L75A 
210 0 |a Ann. trop. med. parasitol 
222 0 |a Annals of tropical medicine and parasitology 
245 0 0 |a Annals of tropical medicine and parasitology. 
260 |a London,  |a Orlando [etc.] :  |b Academic Press [etc.]. 
300 |a v. :  |b ill., plates (part col.) ports., maps, tables, diagrs. ;  |c 27 cm. 
310 |a Bimonthly  |b <, Dec. 1979- > 
321 |a Quarterly  |b <, Dec. 1977-> 
321 |a Irregular 
362 0 |a v. 1- Feb. 1907- 
500 |a At head of title: The University of Liverpool. 
500 |a ISSN: 1364-8594 (Online) 
510 1 |a Index medicus  |x 0019-3879 
510 2 |a Biological abstracts  |x 0006-3169 
510 2 |a Chemical abstracts  |x 0009-2258 
510 2 |a Excerpta medica 
510 2 |a Life sciences collection 
510 2 |a RINGDOC 
510 2 |a VETDOC 
510 0 |a Bibliography of agriculture  |x 0006-1530 
510 0 |a Nuclear science abstracts  |x 0029-5612 
520 |a "Liverpool School of Tropical Medicine. Scientific record; compiled by Dorothy Allmand" (a history of the school and of its activities): v. 15, 1921, p. [1]-47. 
530 |a Also available via World Wide Web;  |b OCLC FirstSearch Electronic Collections Online;  |c Subscription required for access to abstracts and full text. 
550 |a Issued by the Liverpool School of Tropical Medicine. 
650 0 |a Tropical medicine  |v Periodicals. 
650 0 |a Trypanosomiasis  |v Periodicals. 
650 0 |a Parasites  |v Periodicals. 
710 2 |a Liverpool School of Tropical Medicine. 
776 1 |t Annals of tropical medicine and parasitology (Online)  |w (OCoLC)37914859 
780 0 2 |a Liverpool School of Tropical Medicine.  |t Memoir  |w 1756044  |g 1899-1906 
852 8 |b CARM  |h A2:AN36B0  |i D08465  |p 0259015  |f SE 
852 8 |b CARM  |h A2:AN23B0  |i D08454  |p 0259016  |f SE 
852 8 |b CARM  |h A2:AP21E0  |i C07296  |p 0259040  |f SE 
852 8 |b CARM  |h A2:AP37G0  |i C07375  |p 0259171  |f SE 
852 8 |b CARM  |h A2:AP32E0  |i C07371  |p 0259172  |f SE 
852 8 |b CARM  |h A2:AO11B0  |i D08565  |p 0260026  |f SE 
852 8 |b CARM  |h A2:AO11B0  |i D08568  |p 0260196  |f SE 
866 0 |a 1(1907)-56(1962) Inc. 
866 0 |a 1(1907)-56(1962) Inc. 
999 f f |i d014e0e8-c513-5736-b875-8f1f2129c1ec  |s c537069f-c6be-56bd-8e41-033834578e9c 
952 f f |p Can circulate  |a CAVAL  |b CAVAL  |c CAVAL  |d CARM 1 Store  |e D08568  |f A2:AO11B0  |h Other scheme  |i book  |k 31(1937)-40(1946)  |m 0260196 
952 f f |p Can circulate  |a CAVAL  |b CAVAL  |c CAVAL  |d CARM 1 Store  |e D08565  |f A2:AO11B0  |h Other scheme  |i book  |k 41(1947)-42(1948);47(1953)-51(1957)  |m 0260026 
952 f f |p Can circulate  |a CAVAL  |b CAVAL  |c CAVAL  |d CARM 1 Store  |e D08454  |f A2:AN23B0  |h Other scheme  |i book  |k 43(1949)-46(1952),52(1958)-56(1962)  |m 0259016 
952 f f |p Can circulate  |a CAVAL  |b CAVAL  |c CAVAL  |d CARM 1 Store  |e C07375  |f A2:AP37G0  |h Other scheme  |i book  |k 1(1907)-10(1916)  |m 0259171 
952 f f |p Can circulate  |a CAVAL  |b CAVAL  |c CAVAL  |d CARM 1 Store  |e D08465  |f A2:AN36B0  |h Other scheme  |i book  |k 12(1918)-19(1925)  |m 0259015 
952 f f |p Can circulate  |a CAVAL  |b CAVAL  |c CAVAL  |d CARM 1 Store  |e C07296  |f A2:AP21E0  |h Other scheme  |i book  |k 20(1926)-30(1936)  |m 0259040 
952 f f |p Can circulate  |a CAVAL  |b CAVAL  |c CAVAL  |d CARM 1 Store  |e C07371  |f A2:AP32E0  |h Other scheme  |i book  |k 11(1917)  |m 0259172